000
00279nam a22001337a 4500
003
SGT
082
_a
615.538
_b
A14S
100
_a
SHARMA, NITHIN
245
_a
AGAD TANTRA
260
_a
VARANASI
_b
CHAUKHAMBHA PUB
_c
2014
300
_a
252
650
_a
AYURVEDA
942
_2
ddc
_c
BK
_0
42
999
_c
8582
_d
8582